Responses for show #6399 - Thursday, June 14, 2012

David Menchaca game 1.

Contestants

[<< previous game]

David Menchaca, a law student originally from Long Beach, California

Stu Weaver, a singer/songwriter from St. Augustine, Florida

Kathy Wright, a bookseller from Seattle, Washington (whose 2-day cash winnings total $59,198)

[next game >>]

Jeopardy! Round responses

HOLLYWOOD'S MIDDLE INITIALS
CRADLES
BRIT SPEAK
WEBSITES FROM A TO Z
WAR POETRY
ALMOST HEAVEN: WEST VIRGINIA
    $200 1
J.

David
    $200 21
the Alamo

David
    $200 16
zed

David
    $200 3
Amazon.com

Kathy
    $200 8
the Civil War

Stu
    $200 26
coal

Kathy
    $400 2
H.

David
    $400 22
Aviation

Kathy
    $400 17
petrol

David
    $400 4
Bing

David
    $400 9
the Revolutionary War

Kathy
    $400 27
a bear

David
    $600 10
T.

Stu
    $600 23
Hercules

Kathy
    $600 18
an ATM

Kathy
    $600 5
Flickr

Stu
    $600 11
Vietnam

Kathy
    $600 28
Pennsylvania

Stu
    $800 14
E.

Kathy
    $800 24
"rocks the cradle"

Kathy
    $800 19
a zebra

David
    $800 6
Match.com

Stu
    $800 12
World War II

Kathy
    $800 29
Rural Free Delivery

Stu
    $1000 15
O.

David
    $1000 25
Faneuil Hall

David
    $1000 20
a wrench

Kathy
    $1000 7
Zappos

David
    $1000 13
the Trojan War

David
    $1000 30
(David: What is Charleston?)

Morgantown

David
Triple Stumper

Scores at the first commercial break (after clue 15):

Kathy Stu David
$2,800 $2,200 $4,000

Scores at the end of the Jeopardy! Round:

Kathy Stu David
$6,400 $3,600 $6,000

Double Jeopardy! Round responses

WORLD OF FOOD
RECENT NONFICTION
WHERE YA OF?
GOLDEN BOYS & GIRLS
-ESQUE
A POP QUIZ
    $400 12
an enchilada

Kathy
    $400 7
Joe Torre

Kathy
    $400 16
Cleves

Kathy
    $400 18
Michael Phelps

David
    $400 1
burlesque

David
    $400 2
Richard Nixon

Stu
    $800 13
soup

Kathy
    $800 8
Ted Kennedy

David
    $800 27
Assisi

Kathy
    $800 19
Mark Spitz

David
    $800 23
arabesque

Stu
    $800 3
(David: Who is Jacob?)

Abraham

David
Triple Stumper
    $1200 14
an eggplant

David
    $1200 9
(Steve) Harvey

David
    $1200 28
Ockham

Triple Stumper
    $1200 20
Wilma Rudolph

Stu
    $1200 24
picturesque

Kathy
    $1200 4
Bob Marley

David
    $1600 15
Brazil

Stu
    $1600 10
Freakonomics

Kathy
    $4,000 29
John of Gaunt

Kathy
    $3,200 21
Greg Louganis

Stu
    $1600 25
grotesque

David
    $1600 5
Atticus Finch

David
    $2000 17
cabbage

David
    $2000 11
Greg Mortenson

Triple Stumper
    $2000 30
Canterbury

Kathy
    $2000 22
Misty May

David
    $2000 26
picaresque

Kathy
    $2000 6
Akihito

Triple Stumper

Scores at the end of the Double Jeopardy! Round:

Kathy Stu David
$20,000 $10,800 $18,400

[wagering suggestions for these scores]

Final Jeopardy! Round responses

U.S. TOP-SELLING ALBUMS
StuWho is Celine Dion?
$10,799
DavidWho is Celine Dion?
$2,500
KathyWho is Celine Dion?
$16,800
Shania Twain

Final scores:

Kathy Stu David
$3,200 $1 $15,900
2nd place: $2,000 3rd place: $1,000 New champion: $15,900

Game dynamics:

Coryat scores:

Kathy Stu David
$17,600 $9,200 $18,400
21 R
(including 2 DDs),
0 W
11 R
(including 1 DD),
0 W
23 R,
2 W

Combined Coryat: $45,200

The J! Archive is created by fans, for fans. The Jeopardy! game show and all elements thereof, including but not limited to copyright and trademark thereto, are the property of Jeopardy Productions, Inc. and are protected under law. This website is not affiliated with, sponsored by, or operated by Jeopardy Productions, Inc. Join the discussion at JBoard.tv.